Capital cities containing double letters - Statistics

General Stats
  • This quiz has been taken 70 times
    49 since last reset
  • The average score is 16 of 21
Answer Stats
Answer % Correct
Ottawa
97%
Wellington
94%
Canberra
91%
Addis Ababa
88%
Ulaanbaatar
88%
Brazzaville
84%
Accra
81%
Andorra la Vella
81%
Brussels
81%
Valletta
78%
Vienna
78%
Amman
75%
Tallinn
75%
Basseterre
69%
Libreville
66%
Yamoussoukro
66%
Sri Jayawardenepura Kotte
63%
Bissau
59%
Freetown
56%
Nassau
56%
Nouakchott
47%
No matching quizzes found
Score Distribution
Percent of People with Each Score
Percentile by Number Answered
Your Score History
You have not taken this quiz since the last reset